| 000 | 00375cam a2200145ua 4500 | ||
|---|---|---|---|
| 003 | OSt | ||
| 008 | 240502b |||||||| |||| 00| 0 eng d | ||
| 041 | _aeng | ||
| 082 |
_a828.09 _bRAY/SH |
||
| 100 |
_aRaysor, Thomas Middleton . _96191 |
||
| 245 | _aShakespearean criticism, Vol 2 / | ||
| 260 |
_aLondon : _bJ M Dent and Sons Ltd , _c1962. |
||
| 300 | _a280 ; . | ||
| 942 | _cBK | ||
| 999 |
_c3978 _d3978 |
||